01390nam a2200409 i 450000100060000000300090000600500170001500800390003201500170007104000280008804500170011604600090013308000130014224500840015526000810023930000290032033600270034933700540037633800280043038000170045838000230047538800140049838800140051250000420052654600530056864800140062164800140063564800140064965000110066365100110067465500290068565800130071465800380072770000410076571000760080685600980088223948KOSZ 00520240405063033.0200618s1986 pl g f 100 0 pol aPB 1989/1215 aWA NcWA NdKOSZ 005/RW bd1914bd1922 k1986 a355(091)00aWojsko Polskie 1914-1922. nT. 1 /cpod redakcją naukową Bogusława Polaka. aKoszalin :bWydawnictwo Uczelniane Wyższej Szkoły Inżynierskiej,c1986. a271, [2] stron ;c24 cm. aTekstbtxt2rdacontent aBez urządzenia pośredniczącegobn2rdamedia aWoluminbnc2rdacarrier aKsiążki. aPublikacje naukowe a1901-2000 a1945-1989 aNa stronie 4 okładki błędna cena. aStreszczenia w języku francuskim i angielskim. 7a1901-2000 7a1914-1918 7a1918-1939 7aWojsko 7aPolska 7aMateriały konferencyjne aHistoria aBezpieczeństwo i wojskowość1 aPolak, Bogusławd(1945- )eRedakcja2 aWydawnictwo Uczelniane (Wyższa Szkoła Inżynierska ; Koszalin)4pbl uhttp://koha.tu.koszalin.pl/cgi-bin/koha/opac-detail.pl?biblionumber=23948yKatalog online BPK